00313nam a2200109Ia 4500008004100000041000800041082003100049100003300080245005100113260003000164300000900194230411s9999 xx 000 0 und d aeng aPS/610.7368/STU/LAR/B03584 aStuart Gail & Laraia Michele aPrinciples and Practice of Psychiatric Nursing bMosbyaPhiladelphiac2005 a900p